Derecho del trabajo / (Registro nro. 51903)
[ vista simple ]
| 000 -CABECERA | |
|---|---|
| campo de control de longitud fija | 00651cam a22002417a 4500 |
| 001 - NÚMERO DE CONTROL | |
| campo de control | LIBRI-000531 |
| 003 - IDENTIFICADOR DEL NÚMERO DE CONTROL | |
| campo de control | AR-CrUNPB |
| 005 - FECHA Y HORA DE LA ÚLTIMA TRANSACCIÓN | |
| campo de control | 20190327170436.0 |
| 007 - CAMPO FIJO DE DESCRIPCIÓN FÍSICA--INFORMACIÓN GENERAL | |
| campo de control de longitud fija | ta |
| 008 - DATOS DE LONGITUD FIJA--INFORMACIÓN GENERAL | |
| campo de control de longitud fija | 170901s1983 ag r 000 0 spa d |
| 020 ## - NÚMERO INTERNACIONAL ESTÁNDAR DEL LIBRO | |
| Número Internacional Estándar del Libro | 9505080808 |
| 040 ## - FUENTE DE LA CATALOGACIÓN | |
| Centro catalogador/agencia de origen | AR-CrUNPB |
| 082 0# - NÚMERO DE LA CLASIFICACIÓN DECIMAL DEWEY | |
| Número de clasificación | D348.6 |
| Número de edición | 20 |
| 100 1# - ENTRADA PRINCIPAL--NOMBRE DE PERSONA | |
| Nombre de persona | Pérez Galdós, Benito, |
| 9 (RLIN) | 8537 |
| Fechas asociadas al nombre | 1843-1920 |
| 245 10 - MENCIÓN DE TÍTULO | |
| Título | Derecho del trabajo / |
| Mención de responsabilidad, etc. | Benito Pérez. |
| 260 ## - PUBLICACIÓN, DISTRIBUCIÓN, ETC. (PIE DE IMPRENTA) | |
| Lugar de publicación, distribución, etc. | Buenos Aires : |
| Nombre del editor, distribuidor, etc. | Astrea, |
| Fecha de publicación, distribución, etc. | 1983. |
| 300 ## - DESCRIPCIÓN FÍSICA | |
| Extensión | xxiv,520p. |
| 590 ## - NOTA LOCAL (RLIN) | |
| Nota local | Corregido por vc20180803 |
| 650 #7 - PUNTO DE ACCESO ADICIONAL DE MATERIA--TÉRMINO DE MATERIA | |
| Fuente del encabezamiento o término | Unescot |
| 9 (RLIN) | 2508 |
| Término de materia o nombre geográfico como elemento inicial | DERECHO |
| 650 #0 - PUNTO DE ACCESO ADICIONAL DE MATERIA--TÉRMINO DE MATERIA | |
| Término de materia o nombre geográfico como elemento inicial | DERECHO DEL TRABAJO |
| 9 (RLIN) | 2523 |
| 910 ## - Autoría del registro | |
| Catalogador/fecha | LG19930629 |
| Corrección o Modificación/fecha | vc20180803 |
| 942 ## - ELEMENTOS DE PUNTO DE ACCESO ADICIONAL (KOHA) | |
| Tipo de ítem Koha | Libros |
| Fuente del sistema de clasificación o colocación | Dewey Decimal Classification |
| Estado de retiro | Estado de pérdida | Estado dañado | No para préstamo | Localización permanente | Ubicación/localización actual | Fecha de adquisición | Total de préstamos | Signatura topográfica completa | Código de barras | Fecha visto por última vez | Precio válido a partir de | Tipo de ítem Koha |
|---|---|---|---|---|---|---|---|---|---|---|---|---|
| En estantería | Presente | Para el préstamo | Com. Rivadavia: Biblioteca Central "Dr. Eduardo Musacchio" | Com. Rivadavia: Biblioteca Central "Dr. Eduardo Musacchio" | 27/09/2017 | D348.6/P.15 | C28860 | 27/09/2017 | 27/09/2017 | Libros |